Na ponta do lápis : (Record no. 1492)

MARC details
000 -LÍDER
Campo Fixo de Controle 00964nam a2200241 a 4500
001 - NÚMERO DE CONTROLE
Campo de Controle 1492
003 - IDENTIFICAÇÃO DO NÚMERO DE CONTROLE
Campo de Controle BR-CuiBMT
005 - DATA E HORA DA ÚLTIMA ATUALIZAÇÃO
Campo de Controle 20231212174111.0
008 - DADOS FIXOS
Dados Fixos 231128s2018 mgba 000 0 por d
040 ## - AGÊNCIA CATALOGADORA
Código da Agência Catalogadora BR-CuiBMT
Agência que transcreveu o registro BR-CuiBMT
080 ## - Nº DA CLASSIFICAÇÃO DECIMAL UNIVERSAL
Nº Class. CDU 336.132.1
Subd. Auxiliar Comum (815.1)
Nº edição CDU 2007
090 ## - NÚMERO DE CHAMADA
Nº classificação 336.132.1(815.1)
Cutter T822n
110 1# - ENTRADA PRINCIPAL -- ENTIDADE
Nome da entidade ou lugar Tribunal de Contas do Estado de Minas Gerais.
245 10 - TÍTULO PRINCIPAL
Título principal Na ponta do lápis :
Subtítulo relatório de resultados : biênio 2017-2018 /
Indicação de responsabilidade Tribunal de Contas do Estado de Minas Gerais ; Marcos Presídio (Conselheiro Relator).
260 ## - PUBLICAÇÃO, DISTRIBUIÇÃO, ETC.
Local de publicação [Belo Horizonte] :
Editora TCE-MG,
Data 2018.
300 ## - DESCRIÇÃO FÍSICA
N. páginas ou volumes 185 p. :
Ilustrações il. color. ;
Dimensões 25 x 25 cm
500 ## - NOTAS GERAIS
Notas gerais "A escola na formação."<br/>"O tribunal na fiscalização."
504 ## - NOTA DE BIBLIOGRAFIA, ETC.
Nota de bibliografia Inclui bibliografia.
650 ## - ASSUNTO TÓPICO
Cabeçalho tópico ou nome geográfico Controle externo
Subdivisão de forma Orçamento
Subdivisão geográfica Minas Gerais
650 ## - ASSUNTO TÓPICO
Cabeçalho tópico ou nome geográfico Contas do governo
Subdivisão geral Relatórios e pareceres
Subdivisão geográfica Minas Gerais
650 ## - ASSUNTO TÓPICO
Cabeçalho tópico ou nome geográfico Prestação de contas
Subdivisão geral Relatório
Subdivisão geográfica Minas Gerais
942 ## - ELEMENTOS DE ENTRADA ADICIONAIS (KOHA)
Fonte de classificação ou esquema de arquivamento Classificação Decimal Universal
Tipo de item do Koha Livros
Holdings
Estado: removido Estado: perdido Fonte de classificação ou esquema de arquivamento Estado: danificado Indisponível para empréstimo Localização permanente Localização atual Data de aquisição Total Checkouts Número de Chamada completo Código de barras Date last seen Número do exemplar Preço efetivo a partir de Tipo de item (Koha)
    Classificação Decimal Universal     Biblioteca da Escola Superior de Contas do TCE/MT Biblioteca da Escola Superior de Contas do TCE/MT 12/12/2023   336.132.1(815.1) T822n BIBTCEMT23120396 12/12/2023 Ex. 1 12/12/2023 Livros

Powered by Koha